000 00555cam a22002291 4500
001 sa 66003558
003 DLC
005 20260227112236.0
008 890607s1964 ii 000 0 tamo
010 _asa 66003558
035 _a(OCoLC)19832370
040 _aDLC
_cWaU
_dDLC
042 _apremarc
043 _aa-ii---
050 0 0 _aPL4758.4
_b.R3
100 0 _aRakunātan̲,
_d1923-
245 1 0 _aCamutāya ilakkiyam.
260 _c[1964]
300 _a245 p.
_c18 cm.
500 _aIn Tamil.
650 0 _aTamil fiction
_xHistory and criticism.
999 _c68953
_d68953